| 000 | 01180nam a2200301 i 4500 | ||
|---|---|---|---|
| 005 | 20220317001820.0 | ||
| 008 | 170306s2007 ck a gs 000 j spa d | ||
| 020 | _a9789583003455 | ||
| 040 |
_aCO-BoRNBP _bspa _cCO-BoRNBP _erda |
||
| 041 | _aspa | ||
| 100 | 1 |
_aRomán, Celso, _d1947- _eautor |
|
| 245 | 1 | 3 |
_aEl libro de las ciudades _bcompilación de un recorrido por lugares no imaginados _cCelso Román ; ilustraciones J. Aberto Motta Marroquín y Rocío Parra Parra |
| 250 | _aPrimera edición | ||
| 264 | 1 |
_aBogotá _bPanamericana _c2007 |
|
| 300 |
_a174 páginas _bilustraciones a color _c17 cm |
||
| 336 |
_atexto _btxt _2rdacontent |
||
| 337 |
_asin mediación _bn _2rdamedia |
||
| 338 |
_avolumen _bnc _2rdacarrier |
||
| 490 | _aLiteratura juvenil | ||
| 505 | 1 | _aNanas -- Rondas, canciones y rimas de juegos -- Coplas -- Retahílas -- Adivinanzas | |
| 650 | 1 | 4 |
_aCuentos juveniles colombianos _ySiglo XX _2LEMB |
| 650 | 1 | 4 |
_aLiteratura juvenil colombiana _ySiglo XX _2LEMB |
| 650 | 1 | 4 |
_aPueblos y ciudades _vCuentos _2LEMB |
| 650 | 1 | 4 |
_aImaginación _vCuentos _2LEMB |
| 700 | 1 |
_aMotta Marroquín, J. Alberto, _eilustrador _9123909 |
|
| 942 |
_2loc _cBKLIT |
||
| 084 | _aC ROM1 | ||
| 999 |
_c8188 _d8188 |
||